ნორმალური ფორმატი
MARC ფორმატი
ჩანაწერი Personal Name
ჩანაწერთა რაოდენობა, რომელიც გამოყენებულია: 5
001 - CONTROL NUMBER
- control field: 816
003 - CONTROL NUMBER IDENTIFIER
- control field: GE_BSU
005 - DATE AND TIME OF LATEST TRANSACTION
- control field: 20190506170504.0
008 - FIXED-LENGTH DATA ELEMENTS
- fixed length control field: 190506|| aca||aabn | a|a d
040 ## - CATALOGING SOURCE
- Original cataloging agency: GE_BSU
- Transcribing agency: GE_BSU
100 ## - HEADING--PERSONAL NAME
- Personal name: წერეთელი, თინათინ,
- Titles and other words associated with a name: იურისტი, იურიდიულ მეცნიერებათა დოქტორი,
670 ## - SOURCE DATA FOUND
- Source citation: Work cat.: (GE_BSU)36246: წერეთელი, თინათინ, იურისტი, იურიდიულ მეცნიერებათა დოქტორი,, საზოგადოებრივი საშიშროება და მართლწინააღმდეგობა სისხლის სამართალში /
